Vybrané problémy sociálneho podnikania ako determinantu rozvoja tretieho sektora
Sociálna ekonómia začala byť v Európskej únii uznávanou ako teória sociálneho podnikania a subjektov sociálnej, solidárnej ekonomiky. Európska komisia uznala sociálnu ekonómiu v roku 1990, keď vypracovala jej definíciu. Autor si vo svojom príspevku stanovil vychádzajúc z definície tretieho sektora,...
Salvato in:
| Autore principale: | |
|---|---|
| Natura: | Capitolo di libro |
| Lingua: | slovacco |
| Soggetti: | |
| Tags: |
Nessun Tag, puoi essere il primo ad aggiungerne!!
|
MARC
| LEADER | 00000nla$a2200000$$$4500 | ||
|---|---|---|---|
| 001 | 0146846 | ||
| 005 | 20240617094658.1 | ||
| 041 | 0 | |a slo | |
| 044 | |a SK | ||
| 245 | 1 | 0 | |a Vybrané problémy sociálneho podnikania ako determinantu rozvoja tretieho sektora |c Jozef Laciňák |
| 520 | |a Sociálna ekonómia začala byť v Európskej únii uznávanou ako teória sociálneho podnikania a subjektov sociálnej, solidárnej ekonomiky. Európska komisia uznala sociálnu ekonómiu v roku 1990, keď vypracovala jej definíciu. Autor si vo svojom príspevku stanovil vychádzajúc z definície tretieho sektora, nových prístupov k tretiemu sektoru, histórii sociálneho podnikania, načrtnúť vybrané problémy sociálneho podnikania ako determinantu ďalšieho rozvoja tretieho sektora. | ||
| 610 | 2 | 0 | |a organizácie neziskové |
| 610 | 2 | 0 | |a organizácie verejnoprospešné |
| 610 | 2 | 0 | |a ekonomika sociálna |
| 610 | 2 | 0 | |a podnikanie sociálne |
| 610 | 2 | 0 | |a história |
| 610 | 2 | 0 | |a Slovensko |
| 610 | 2 | 0 | |a Európska únia |
| 100 | 1 | |a Laciňák, Jozef | |